খাদ্যভুবন / (Record no. 3221)
[ view plain ]
| 000 -LEADER | |
|---|---|
| fixed length control field | 00603nam a2200217 a 4500 |
| 001 - CONTROL NUMBER | |
| JCCL Control Number | 3221 |
| 003 - CONTROL NUMBER IDENTIFIER | |
| JCCL marc code | BD-JhCC |
| 005 - DATE AND TIME OF LATEST TRANSACTION | |
| control field | 20171112104604.0 |
| 008 - FIXED-LENGTH DATA ELEMENTS--GENERAL INFORMATION | |
| fixed length control field | 171111s1985 bg |||| ||a| 000 0 ben d |
| 035 ## - SYSTEM CONTROL NUMBER | |
| system control number | (BD-JhCC) 3221 |
| 040 ## - CATALOGING SOURCE | |
| Original cataloging agency | BD-JhCC |
| Modifying agency | BD-JhCC |
| 041 ## - LANGUAGE CODE | |
| Language code of Book | ben |
| 082 ## - DEWEY DECIMAL CLASSIFICATION NUMBER | |
| Classification number | 641 |
| Author mark and Year | HAQ 1985 |
| 100 ## - MAIN ENTRY--PERSONAL NAME | |
| Personal name | হক, সানাউল |
| 245 ## - TITLE STATEMENT | |
| Title | খাদ্যভুবন / |
| Statement of responsibility, etc | সানাউল হক |
| 300 ## - PHYSICAL DESCRIPTION | |
| Pagination | 116 |
| Dimensions | 18 cm . |
| 490 ## - SERIES STATEMENT | |
| Series statement | Series in honour of the Martyrs of the Language Movement of February 1952. |
| 650 ## - SUBJECT ADDED ENTRY--TOPICAL TERM | |
| Topical term or geographic name as entry element | The word of food |
| 942 ## - ADDED ENTRY ELEMENTS (KOHA) | |
| Source of classification or shelving scheme | Dewey Decimal Classification |
| Koha item type | Books |
| Source of classification or shelving scheme | Damaged status | Not for loan | Home library | Current library | Shelving location | Date of accession | Cost, normal purchase price | Total Checkouts | Full call number | Barcode | Date last seen | Copy number | Koha item type |
|---|---|---|---|---|---|---|---|---|---|---|---|---|---|
| Dewey Decimal Classification | JCC Rouf Library | JCC Rouf Library | General Stacks | 11/11/2017 | 15.00 | 641 HAQ 1985 | 5067 | 11/11/2017 | C-1 | Books |